La deconstrucción del derecho del trabajo
Guardat en:
| Autor principal: | |
|---|---|
| Format: | Llibre |
| Idioma: | espanyol |
| Publicat: |
Madrid
La Ley
2010
|
| Edició: | 1a. ed |
| Matèries: | |
| Etiquetes: |
Afegir etiqueta
Sense etiquetes, Sigues el primer a etiquetar aquest registre!
|
MARC
| LEADER | 00000nam a2200000 a 4500 | ||
|---|---|---|---|
| 001 | UCG5277 | ||
| 003 | CL-VaPUC | ||
| 008 | 110120e20100700SP |||||||||||||||||spa|d | ||
| 020 | |a 9788481265354 | ||
| 082 | 0 | 4 | |a 344.01 |b OJE |2 21 |
| 100 | |a Ojeda Avilés, Antonio |e autor |9 554925 | ||
| 245 | 1 | 3 | |a La deconstrucción del derecho del trabajo |
| 250 | |a 1a. ed | ||
| 300 | |a 679 p | ||
| 942 | |c BK | ||
| 945 | |d 20110120 00:00:00 |a dcastane | ||
| 260 | |a Madrid |b La Ley |c 2010 | ||
| 650 | 7 | |a CONTRATO DE TRABAJO |2 CL-VaPUC |9 554926 | |
| 650 | 7 | |a DERECHO LABORAL |2 CL-VaPUC |9 15 | |
| 650 | 7 | |a FISCALIZACION LABORAL |2 CL-VaPUC |9 439695 | |
| 650 | 0 | |a Relaciones laborales |9 335971 | |
| 651 | 0 | |a España |9 254926 | |
| 583 | |a last modification |c 20170710 10:54:50 |k Rodrigo Vera | ||
| 999 | |c 343830 |d 343828 | ||
| 952 | |0 0 |1 0 |4 0 |6 344_010000000000000_OJE_2010 |7 0 |8 A |9 441458 |a BIBDER |b BIBDER |d 2019-11-22 |i 4746651 |o 344.01 OJE 2010 |p 4746651 |r 2023-01-25 |w 2019-11-22 |y BK |k DER | ||